El dr. Gregorio Funes y el fallecimiento de Pío VII

Guardat en:
Dades bibliogràfiques
Autor principal: Tonda, Américo A (Autor)
Format: Llibre
Idioma:espanyol
Publicat: Rosario Pontificia Universidad Católica Argentina 1980
Col·lecció:Monografías y Ensayos, 16
Matèries:
Etiquetes: Afegir etiqueta
Sense etiquetes, Sigues el primer a etiquetar aquest registre!

MARC

LEADER 00000nam a2200000 a 4500
001 UCP4635
003 CL-VaPUC
008 990806e19800000AG |||||||||||||||||spa|d
082 0 4 |a 262.13  |b TON  |2 21 
100 0 |a Tonda, Américo A  |e author  |9 432227 
245 1 3 |a El dr. Gregorio Funes y el fallecimiento de Pío VII 
300 |a 22 p 
942 |c BK 
945 |d 19990806 00:00:00  |a crobeson 
260 |a Rosario  |b Pontificia Universidad Católica Argentina  |c 1980 
600 0 7 |a PIO VII, PAPA  |2 CL-VaPUC  |9 432228 
600 0 7 |a FUNES, GREGORIO  |2 CL-VaPUC  |9 432229 
650 0 |a Papas  |9 258738 
650 7 |a HISTORIA ECLESIASTICA  |2 CL-VaPUC  |9 432230 
583 |a last modification  |c 19990806 00:00:00  |k Rodrigo Vera 
490 0 |a Monografías y Ensayos, 16 
999 |c 282542  |d 282540 
952 |0 0  |1 0  |4 0  |6 262_130000000000000_TON_1980  |7 0  |8 A  |9 324386  |a BIBHIS  |b BIBHIS  |d 2019-11-20  |i 1355163  |o 262.13 TON 1980  |p 1355163  |r 2025-01-20  |w 2019-11-20  |y BK  |k HIS